000 00752nam a2200217 a 4500
999 _c11993
_d11993
001 11993
003 BD-JhCC
005 20230208134023.0
008 210302b2018 bg |||| ||a| 000 0 ben d
035 _a(BD-JhCC)11993
040 _aBD-JhCC
_dBD-JhCC
041 _abengali
082 _a2.97
_bMUN 2018
100 _aমুনাজ্জিদ,শাইখ মুহাম্মাদ সালেহ আল
245 _aঅন্তরের রোগ /
_cশাইখ মুহাম্মাদ সালেহ আল-মুনাজ্জিদ ।
260 _aঢাকা:
_bরুহামা পাবলিকেশন;
_c২০১৮.
300 _a382 p. :
_c22 cm.
650 _aIslamic
942 _2ddc
_cBK
_014